000 00637nam a2200205Ia 4500
005 20260415160333.0
008 008 250505s9999 xx 000 0 eng d
037 _aTextual
040 _aFEDL
_beng
_cFEDL
041 _aeng
_2eng
084 _a157.9 JAC
_qFEDL
100 _aJackson Josephine A.
_9755728
245 0 _aOutwitting our nerves: A primer of psychotherapy
260 _aLondon, UK
_bKegan Paul, Trench, Trubner and Co. Ltd
300 _axi,275p
650 _aAbnormal psychology
_919040
700 _a Salisbury Helen M.
_9756096
942 _cTEXL
_h157.9 JAC
999 _c1321811
_d1321811